000 00847 a2200241 4500
999 _c11304
_d11304
020 _a9780081029084 (set)
020 _a9780323850346 (volume 2)
050 _aQE5
_bENC 2021
245 _aEncyclopedia of Geology /
_cedited by David Alderton, Scott A Elias; volume 2 edited by John Godfrey Fitton, Guochun Zhao and Nicholas Lancaster
250 _aSecond edition
_bVolume 2
264 _aLondon :
_bAcademic Press / Elsevier,
_c2021
300 _axvi, 1009 pages :
_billustrations
336 _2rdacontent
_atext
_btxt
337 _2rdamedia
_aunmediated
_bn
338 _2rdacarrier
_avolume
_bnc
504 _aIncludes bibliographical references
505 _a.
520 _a.
650 _aGeology
_xEncyclopedias
700 _aAlderton, David
_eeditor
700 _aElias, Scott A.
_eeditor
942 _2lcc
_cBK
_eSecond edition
_h5
_iENC
_kQE